Estadísticas para Provincias de China

Haz click aquí para intentar la prueba.

Estadísticas generales

  • Esta prueba ha sido intentada 143 veces
  • La puntuación promedio es 13 de 33

Respuestas en el mapa

Las respuestas están codificadas por una escala verde-roja en el mapa de la prueba según el % correcto abajo.
 

Estadísticas de respuestas

TipoProvincia% Correcto
MunicipioPekín
95%
Región AutónomaTíbet
79%
MunicipioShanghái
78%
ProvinciaCantón
65%
Región especialHong Kong
62%
Región especialMacao
56%
Región AutónomaMongolia Interior
56%
Región AutónomaSinkiang
51%
ProvinciaYunnan
43%
ProvinciaHebei
41%
ProvinciaSichuan
41%
ProvinciaHainan
38%
ProvinciaHubei
38%
MunicipioTianjin
38%
MunicipioChongqing
35%
ProvinciaFujian
35%
ProvinciaHunán
33%
ProvinciaShandong
32%
ProvinciaGansu
30%
ProvinciaHenan
30%
ProvinciaShaanxi
30%
ProvinciaShanxi
30%
Región AutónomaGuangxi
29%
ProvinciaHeilongjiang
29%
ProvinciaZhejiang
27%
ProvinciaJilin
25%
ProvinciaAnhui
24%
ProvinciaJiangsu
24%
Región AutónomaNingxia
24%
ProvinciaQinghai
22%
ProvinciaGuizhou
21%
ProvinciaJiangxi
21%
ProvinciaLiaoning
21%

Distribución de puntuación

Porcentaje por número respondido

Porcentaje de gente con cada puntuación

Historial de tus puntuaciones

No has intentado esta prueba.